000 00315nam a22001337a 4500
008 250425b ||||| |||| 00| 0 eng d
041 _aeng
080 _29780060975197
_a616LEW
082 _2616LEW
_a616LEW
100 _a12
101 _aGENETIK
245 _aBIOLOGY AS IDEOLOGY
_cR.C.LEWONTIN
942 _2udc
_cBK
999 _c60710
_d60710